Quiz sur le 19e arrondissement de Paris - Statistiques

Statistiques générales
  • Ce quiz a été pris 26 fois
  • Le résultat moyen est 13 sur 20
Statistiques - réponses
Question Réponse % Correct
Quelle militante américaine des droits civiques, à l'origine d'un boycott de bus, donne son nom au quartier inauguré en 2015 entre porte d'Aubervilliers et porte de la Villette ? Rosa Parks
92%
À quel canal le bassin de la Villette relie-t-il aux canaux Saint-Martin et Saint-Denis ? Le canal de l'{Ourcq}
88%
Quel parti politique siège dans un bâtiment conçu par Oscar Niemeyer sur la place du Colonel-Fabien, anciennement place du Combat ? Le Parti communiste français
88%
Quelle salle de concerts inaugurée en 1983 a donné naissances à 16 autres salles de concerts portant ce même nom "solaire" en France (Lille, Montpellier, Nantes) ? Le Zénith
84%
Nom de l'arrondissement Buttes-Chaumont
80%
Quel type de maison de montagne unique dans Paris se trouve dans la rue de Meaux ? Un châlet
80%
Quartiers administratifs Villette
76%
Que fait le Poinçonneur des Lilas de Serge Gainsbourg dans les billets de métro ? "Des p'tits trous"
72%
Quel bâtiment culturel couvert d'aluminium, conçu par Jean Nouvel et inauguré en 2015, accueille l'Orchestre de Paris ? La Philharmonie de Paris
72%
Quelles lignes de métro devait raccorder la station aujourd'hui "fantôme" d'Haxo ? 3bis
68%
Quelles lignes de métro devait raccorder la station aujourd'hui "fantôme" d'Haxo ? 7bis
68%
Quel ingénieur, principalement connu pour sa tour dans le 7e arrondissement, a conçu la passerelle suspendue du parc des Buttes Chaumont reliant la rive à l'île du Belvédère ? Gustave Eiffel
68%
Quel musée, situé dans le parc de la Villette, abrite plusi eurs expositions sur des thématiques de recherche, de technologie et d'industrie vulgarisées pour un grand public ? La Cité des sciences et de l'industrie
64%
Quelle célèbre école de théâtre, ayant Guillaume Canet, Pierre Niney ou encore Audrey Lamy comme anciens élèves, prépare au concours du Conservatoire de musique et d'art dramatique? Le Cours Florent
64%
Quel général révolutionnaire vénézuélien, surnommé le "Libertador", donne son nom à une avenue du sud-ouest de l'arrondissement ? Simón Bolívar
64%
Quartiers administratifs Pont-de-Flandre
52%
À l'instar des Halles de Paris, quelle était l'ancienne fonction (alimentaire) de la grande halle de la Villette ? Des abattoirs
48%
Quelle émission de télévision avec Casimir le dinosaure orange a été tournée dans les anciens studios des Buttes-Chaumont, avant d'être détruits dans les années 1990 ? L'Île aux enfants
48%
Quartiers administratifs Combat
28%
Quartiers administratifs Amérique
20%
Aucun quiz correspondant
Distribution des résultats
% des personnes avec chaque résultat
Percentile par nombre de réponses
Votre historique - résultats
Vous n’avez pas pris ce quiz